000 01230cam a22003134a 4500
001 3102169
003 OSt
005 20160610123822.0
008 990204s1999 nyua b 001 0 eng
010 _a 99014037
020 _a0387986987 (alk. paper)
040 _aDLC
_cDLC
_dDLC
042 _apcc
050 0 0 _aQA432
_b.S33 1999
082 0 0 _a515.723
_221
_bSCH 1999
100 1 _aSchiff, Joel L.
_99299
245 1 4 _aThe Laplace transform :
_btheory and applications /
_cJoel L. Schiff.
260 _aNew York :
_bSpringer,
_c1999.
300 _axiv, 233 p. :
_bill. ;
_c25 cm.
440 0 _aUndergraduate texts in mathematics
_95411
504 _aIncludes bibliographical references (p. 207-208) and index.
650 0 _aLaplace transformation.
_99300
856 4 2 _3Publisher description
_uhttp://www.loc.gov/catdir/enhancements/fy0816/99014037-d.html
856 4 1 _3Table of contents only
_uhttp://www.loc.gov/catdir/enhancements/fy0816/99014037-t.html
906 _a7
_bcbc
_corignew
_d1
_eocip
_f19
_gy-gencatlg
942 _2ddc
_cO_SHELF
999 _c4309
_d4309